Cats & dogs : (Record no. 109455)
[ view plain ]
| 000 -LEADER | |
|---|---|
| fixed length control field | 00367nam a2200133 a 4500 |
| 005 - DATE AND TIME OF LATEST TRANSACTION | |
| control field | 20140414093844.0 |
| 008 - FIXED-LENGTH DATA ELEMENTS--GENERAL INFORMATION | |
| fixed length control field | 090625s19uu xx uuu eng d |
| 050 ## - LIBRARY OF CONGRESS CALL NUMBER | |
| Classification number | VCD 791.43 |
| Item number | CAT 2001 |
| 100 ## - MAIN ENTRY--PERSONAL NAME | |
| Personal name | Guterman, Lawrence |
| 245 ## - TITLE STATEMENT | |
| Title | Cats & dogs : |
| Remainder of title | things are gonna get hairy / |
| Statement of responsibility, etc | Lawrence Guterman. |
| 650 ## - SUBJECT ADDED ENTRY--TOPICAL TERM | |
| Topical term or geographic name as entry element | Motion pictures. |
| 942 ## - ADDED ENTRY ELEMENTS (KOHA) | |
| Koha item type | Audio Visual Materials |
| Withdrawn status | Lost status | Damaged status | Home library | Current library | Shelving location | Date acquired | Source of acquisition | Total Checkouts | Total Renewals | Full call number | Barcode | Date last seen | Date checked out | Price effective from | Koha item type |
|---|---|---|---|---|---|---|---|---|---|---|---|---|---|---|---|
| Luxembourg Library | Luxembourg Library | Audio Visual Material Section | 06/25/2009 | 4 | 3 | VCD 791.43 CAT 2001 | AV1104 | 09/03/2018 | 08/31/2018 | 04/14/2014 | Audio Visual Materials |